| 000 | 00552nam a22002177a 4500 | ||
|---|---|---|---|
| 003 | OSt | ||
| 005 | 20140310181808.0 | ||
| 008 | 130704t xxu||||| |||| 00| 0 eng d | ||
| 020 | _a1843264049 | ||
| 050 |
_aQ 121 _b.Sc416 2004 |
||
| 082 |
_2REF 503 _bSci2 2004 |
||
| 245 | _aScience encyclopedia / | ||
| 260 |
_aEssex, CM : _bMiles Kelly Pub, _cc2004. |
||
| 300 |
_a256 p. : _bcol. ill. ; _c300 cm. |
||
| 520 | _a1. Science -- Encyclopedia | ||
| 521 | _a | ||
| 541 | _j1 | ||
| 541 | _j2 | ||
| 562 | _e2 | ||
| 942 |
_2lcc _cBK-GR _kREF |
||
| 999 |
_c3857 _d3857 |
||